000 00476nam a2200181Ia 4500
003 GCL
008 140319s9999 xx 000 0 eng d
040 _aGCL /
_cGCL
082 0 4 _a620.11242
_bA H
100 1 _aASAY, J.A
245 1 0 _aHIGH - PRESSURE SHOCK COMPRESSION OF SOLIDS /
_cASAY, J.A
700 1 _aSHAHINPOOR, M.
260 _a[S.N] :
_bSPRINGER - VERLAG ،
_c1992
300 _a393 P
650 0 4 _aMATERIALS
650 0 4 _aCOMPRESSION TESTING
942 _2ddc
_cBK
999 _c17100
_d17100